Blackjack - Statistics

General Stats
  • This quiz has been taken 35 times
  • The average score is 4 of 12
Answer Stats
Hint Answer % Correct
1. Ytnewt Eno
72%
4. XX I
56%
5. Vingt et Un
56%
6. Saturn + Uranus + Earth Jupiter
39%
10. 10011 10
33%
3. Neon Sodium
33%
8. √289 √16
28%
7. Jack Ace
28%
2. E P
28%
9. Lords a-leaping Pipers piping
28%
12. 34. 56.
17%
11. Look Left Look Up
17%
No matching quizzes found
Score Distribution
Percent of People with Each Score
Percentile by Number Answered
Your Score History
You have not taken this quiz